| 000 | 00406nam a2200157Ia 4500 | ||
|---|---|---|---|
| 008 | 210716s2011 xx 000 0 und d | ||
| 020 | _a9780199597062 | ||
| 041 | _aeng | ||
| 082 | _a174.9658 MALC | ||
| 100 | _aMallin, Christine A. | ||
| 245 | _aCorporate governance. | ||
| 250 | _a4 | ||
| 260 |
_aNew York _bOxford University Press _c2011 |
||
| 300 | _axxii,384/2013 | ||
| 650 | _aCorporate Governance | ||
| 999 |
_c209478 _d209478 |
||